Word Ladder: School's Almost Over Quiz Stats

 Plays Quiz Updated May 14, 2018

Challenge
Share
Tweet
Embed
Score 0/20 Timer 02:00
0 Plays Today
Clue 4-Letter Word % Correct
☆ Don't ___ through it. Take your time on each question. ☆☆RUSH☆
96.8%
Itchy, red skin inflamationRASH
95.3%
☆ If you fail, you'll be held ___☆BACK☆
94.6%
Composer Johann Sebastian ___BACH
94.1%
Oxidized metalRUST
93.1%
A chefCOOK
92.3%
☆ Get plenty of this before you take the first and final clues ☆☆REST☆
91.1%
☆ Once you pass, you can throw this for yourself ☆☆BASH☆
91.1%
Where chickens liveCOOP
91.1%
What a farmer growsCROP
88.2%
Clue 4-Letter Word % Correct
☆ Most of your material should be in your ___☆BOOK☆
86.3%
☆Studying too hard the night before ☆☆CRAM☆
86.1%
☆ A measurement teachers use to grade their students ☆☆TEST☆
85.9%
Drivel or worthless stuffCRAP
83.8%
☆ Don't stress and ___ your brain ☆☆RACK☆
78.3%
A bivalve popular in chowder formCLAM
78.3%
Bob Seger song 'Like a ___ 'ROCK
72.8%
A strong, dark type of beer BOCK
71.6%
☆ An end of course example of the first clue ☆☆EXAM☆
65%
Former Broncos kicker Jason ___ELAM
59.6%

Today's Daily Dose

Missing Word
No Snow!

Word Ladder
Wild Cats

On This Day
December 16th II

You're not logged in!

Compare scores with friends on all Sporcle quizzes.
OR
Log In

You Might Also Like...

Show Comments

Extras

Top Quizzes Today


Score Distribution

Your Account Isn't Verified!

In order to create a playlist on Sporcle, you need to verify the email address you used during registration. Go to your Sporcle Settings to finish the process.

Report this User

Report this user for behavior that violates our Community Guidelines.

Details: